Best New School Rappers - Statistics

General Stats
  • This quiz has been taken 837 times
    833 since last reset
  • The average score is 17 of 76
Answer Stats
Hint Answer % Correct
Humble Kendrick Lamar
97%
Look At Me! XXXTentación
74%
Bodak Yellow Cardi B
71%
Headlines Drake
67%
Antidote Travis Scott
63%
Work Out J. Cole
61%
Black And Yellow Wiz Khalifa
60%
Who Dat Boy Tyler, The Creator
54%
Thrift Shop Macklemore And Ryan Lewis
48%
Peso A$AP Rocky
47%
Catch Me Outside Ski Mask The Slump God
46%
Plain Jane A$AP Ferg
45%
3005 Childish Gambino
44%
The Race Tay K
44%
Ultimate Denzel Curry
43%
Bounce Back Big Sean
42%
I'm Not A Racist Joyner Lucas
42%
Pursuit Of Happiness Kid Cudi
39%
Man Of The Year ScHoolboy Q
37%
Caroline Aminé
36%
Young Sinatra Logic
36%
I Don't Like Chief Keef
35%
Tee Shirt Migos
35%
Airplanes B.o.B.
29%
First Day Out Tee Grizzley
29%
Professional Rapper Lil Dicky
28%
Water Ugly God
28%
Christ Conscious Joey Bada$$
27%
Juice Chance The Rapper
26%
Chum Earl Sweatshirt
26%
Nosetalgia Pusha T
23%
Big Fish Vince Staples
23%
Kool Aid & Frozen Pizza Mac Miller
22%
Really Really Kevin Gates
19%
Dat Stick Rich Chigga
18%
Still Brazy YG
18%
Hood Gone Love It Jay Rock
16%
Good Drank 2 Chainz
13%
Ain't It Funny Danny Brown
13%
Fall Thru Meek Mill
12%
Huey Knew Ab-Soul
11%
Kick, Push Lupe Fiasco
11%
Thuggin' Freddie Gibbs
10%
The Purge Hopsin
9%
My Side Lil Durk
8%
Lotus Flower Bomb Wale
8%
Mt. Olympus Big K.R.I.T.
7%
Free Lunch Isaiah Rashad
7%
Doubt It Kyle
7%
Invincible Machine Gun Kelly
7%
Ice Cream Truck Montana Of 300
6%
100 Shots Young Dolph
6%
Palm Trees Flatbush Zombies
5%
Man Now G Herbo
5%
Jazz Mick Jenkins
5%
Legend Has It Run The Jewels
5%
Down On My Luck Vic Mensa
5%
Easy Rider Action Bronson
4%
Diddy Bop NoName
4%
Type Of Time Dave East
3%
You Ain't Gang Lil Bibby
3%
Let's Roll Yelawolf
3%
Code #829 A-F-R-O
2%
Nelson Mandela Cyhi The Prynce
2%
Still Movin Dizzy Wright
2%
Dapper Domo Genesis
2%
Sleep Walkin Mozzy
2%
Power Rapsody
2%
Smoking With The Gods Azizi Gibson
1%
Last Straw Capital Steez
1%
Fear Of My Crown Chris Rivers
1%
Jet Life Curren$y
1%
God Wants Me To Ball Lil Boosie
1%
Waste Of Time Snow Tha Product
1%
Bringing The Phonk SpaceGhostPurrp
1%
Limitless Smoke DZA
0%
No matching quizzes found
Score Distribution
Percent of People with Each Score
Percentile by Number Answered
Your Score History
You have not taken this quiz since the last reset